500 mẫu văn phạm tiếng Nhật trung cấp
Αποθηκεύτηκε σε:
| Κύριος συγγραφέας: | |
|---|---|
| Μορφή: | Βιβλίο |
| Γλώσσα: | Undetermined |
| Έκδοση: |
Thành phố Hồ Chí Minh
Tổng hợp Thành phố Hồ Chí Minh
2005
|
| Θέματα: | |
| Ετικέτες: |
Προσθήκη ετικέτας
Δεν υπάρχουν, Καταχωρήστε ετικέτα πρώτοι!
|
| Thư viện lưu trữ: | Trung tâm Học liệu Trường Đại học Cần Thơ |
|---|
| LEADER | 00609nam a2200193Ia 4500 | ||
|---|---|---|---|
| 001 | CTU_93624 | ||
| 008 | 210402s9999 xx 000 0 und d | ||
| 082 | |a 495.6 | ||
| 082 | |b Th107/T.3 | ||
| 100 | |a Trần, Việt Thanh | ||
| 245 | 0 | |a 500 mẫu văn phạm tiếng Nhật trung cấp | |
| 245 | 0 | |c Trần Việt Thanh | |
| 260 | |a Thành phố Hồ Chí Minh | ||
| 260 | |b Tổng hợp Thành phố Hồ Chí Minh | ||
| 260 | |c 2005 | ||
| 650 | |a Japanese language | ||
| 650 | |x Grammar | ||
| 904 | |i Tuyến | ||
| 980 | |a Trung tâm Học liệu Trường Đại học Cần Thơ | ||